000 01411nam a2200301 a 4500
001 000047587
003 DO-SdBPM
005 20260210113255.0
007 ta
008 180704s2017 dr a 000 spa d
020 _a9789945472875
040 _aDO-SdBPM
_bspa
_cBPMSU
_drda
082 4 _aRD868.3
_bP418c 2017
_222
245 0 0 _aCésar Nicolás Penson y su pasión por las letras :
_bantología /
_crecopilación y notas Evelyn Marte Rodríguez
264 _aSanto Domingo :
_bInstituto Tecnológico de Santo Domingo ;
_c2017.
300 _a542 páginas :
_bilustraciones ;
_c24 cm.
336 _atexto
_btxt
_2rdacontent
337 _asin mediación
_bn
_2rdamedia
338 _avolumen
_bnc
_2rdacarrier
500 _aIncluye datos biográficos de la Evelyn Marte Rodríguez
505 0 _aEnsayos filosóficos y críticos 19 -- Editoriales-artículos de opinión-crónicas 113 -- Cuentos 217 -- Poemario de César Nicolás Penson 227 -- Epistolario de César Nicolás Penson 269 -- Asociaciones literarias y recreativas 363 -- Primera edición de la obra Cosas Añejas y críticas literarias 443
590 _aInventariado, 2026/VM
600 1 7 _aPenson, César Nicolás,
_d1855-1901
_v Colecciones de escritos
650 7 _aLiteratura dominicana
_vColecciones de escritos
700 1 _aMarte Rodríguez, Evelyn
_4reopilación
910 _aVMateo V. Control de calidad. BPMSU
942 _2ddc
_cBK
999 _c15677
_d15677